000 00279nam a22001337a 4500
008 180301b xxu||||| |||| 00| 0 eng d
020 _a9781586631932
041 _aeng
080 _a574
100 _a9
101 _aMJE
245 _aMONETS GARDEN
_cFELL.D
942 _2udc
_cBK
999 _c43894
_d43894